| 000 | 00901nam a22002297a 4500 | ||
|---|---|---|---|
| 005 | 20100723150652.0 | ||
| 010 | _aENG-96659 | ||
| 020 |
_a9780198060796 _c550.00 |
||
| 020 |
_a0198060793 _c550.00 |
||
| 035 | _aEN-80192 | ||
| 037 | _bDBAD/PUB | ||
| 082 | _a338.60480954 | ||
| 100 |
_aPushpangadan, K _91044 |
||
| 245 |
_aThe dynamics of competition : _buniderstanding India's manufacturing sector / _cK. Pushpangadan [and] N. Shanta |
||
| 260 |
_aNew Delhi _bOxford, University Press _c2009 |
||
| 270 |
_aYMCA Library Building, Jai Singh Road _bNew Delhi _e110001 |
||
| 300 |
_axvii, 151 p. _c23cm (Pbk) |
||
| 500 | _aIncludes bibliographical references and index | ||
| 700 |
_aShanta N. _91045 |
||
| 942 |
_2ddc _cEN _h338.60480954 _mPUS |
||
| 999 |
_c37425 _d37425 |
||